000 00658pam a2200217 a 4500
001 2088310
005 20180124040650.0
008 950615s1996 ilua 001 0 eng
010 _a 95032359
020 _a0256166862
040 _aDLC
_cDLC
_dDLC
041 _aeng
080 _a657.3 MAR
082 0 0 _a657.3 MAR
_220
100 1 _a61
101 _aKF
245 1 0 _aAccounting :
_cDavid H. Marshall, Wayne W. McManus.
906 _a7
_bcbc
_corignew
_d1
_eocip
_f19
_gy-gencatlg
942 _2ddc
_cBK
999 _c40833
_d40833